Software engineering (Record no. 180832)

MARC details
000 -LEADER
fixed length control field 00380nam a2200157Ia 4500
008 - FIXED-LENGTH DATA ELEMENTS--GENERAL INFORMATION
fixed length control field 230917s9999||||xx |||||||||||||| ||und||
040 ## - CATALOGING SOURCE
-- 229527
Original cataloging agency VIVEKANANDA LIBRARY
041 ## - Language
-- English
082 ## - DDC NUMBER
Classification number 005.1 S55S(9)
100 ## - MAIN ENTRY--PERSONAL NAME
Personal name Sommerville, Ian
245 #0 - TITLE STATEMENT
Title Software engineering
250 ## - EDITION STATEMENT
Edition statement 9th ed.
260 ## - PUBLICATION, DISTRIBUTION, ETC. (IMPRINT)
Place of publication, distribution, etc New Delhi
Name of publisher, distributor, etc Pearson Education
Date of publication, distribution, etc 2014
300 ## - PHYSICAL DESCRIPTION
Pages 700 p.
942 ## - ADDED ENTRY ELEMENTS (KOHA)
Koha item type Books
Holdings
Withdrawn status Lost status Damaged status Not for loan Location (home branch) Sublocation or collection (holding branch) Shelving location Date acquired Koha issues (times borrowed) Koha full call number Accession No. Koha date last seen Koha item type
        VIVEKANANDA LIBRARY VIVEKANANDA LIBRARY UIET Library 08/12/2015   005.1 S55S(9) 355110 17/09/2023 Books
        VIVEKANANDA LIBRARY VIVEKANANDA LIBRARY UIET Library 08/12/2015   005.1 S55S(9) 355111 17/09/2023 Books
        VIVEKANANDA LIBRARY VIVEKANANDA LIBRARY UIET Library 08/12/2015   005.1 S55S(9) 355112 17/09/2023 Books
        VIVEKANANDA LIBRARY VIVEKANANDA LIBRARY UIET Library 08/12/2015   005.1 S55S(9) 355113 17/09/2023 Books
        VIVEKANANDA LIBRARY VIVEKANANDA LIBRARY UIET Library 08/12/2015 1 005.1 S55S(9) 355114 15/10/2024 Books
        VIVEKANANDA LIBRARY VIVEKANANDA LIBRARY UIET Library 08/12/2015 1 005.1 S55S(9) 355115 25/09/2024 Books
        VIVEKANANDA LIBRARY VIVEKANANDA LIBRARY UIET Library 08/12/2015 1 005.1 S55S(9) 355116 24/12/2025 Books
        VIVEKANANDA LIBRARY VIVEKANANDA LIBRARY UIET Library 08/12/2015   005.1 S55S(9) 355117 17/09/2023 Books
        VIVEKANANDA LIBRARY VIVEKANANDA LIBRARY UIET Library 08/12/2015   005.1 S55S(9) 355118 17/09/2023 Books
        VIVEKANANDA LIBRARY VIVEKANANDA LIBRARY UIET Library 08/12/2015 2 005.1 S55S(9) 355119 29/12/2025 Books
        VIVEKANANDA LIBRARY VIVEKANANDA LIBRARY UIET Library 08/12/2015   005.1 S55S(9) 355120 17/09/2023 Books
        VIVEKANANDA LIBRARY VIVEKANANDA LIBRARY UIET Library 08/12/2015   005.1 S55S(9) 355121 17/09/2023 Books
        VIVEKANANDA LIBRARY VIVEKANANDA LIBRARY UIET Library 08/12/2015   005.1 S55S(9) 355122 17/09/2023 Books
        VIVEKANANDA LIBRARY VIVEKANANDA LIBRARY UIET Library 08/12/2015   005.1 S55S(9) 355123 17/09/2023 Books
        VIVEKANANDA LIBRARY VIVEKANANDA LIBRARY UIET Library 08/12/2015   005.1 S55S(9) 355124 17/09/2023 Books
© Designed and Maintained by Vivekananda Library, MDU Rohtak